LEADER 00816nam a2200229 i 4500 001 000000155872 003 CaOOAMICUS 005 20061122000000.0 008 061122s1955 it u000 u ita u 013 $a133226 040 $aSeMil$bita 100 1 $aNekrasov, Viktor Platonovi?,$d<1911-1987>.$0(OLS)http://semarc/name/60950 245 10$aNella sua cittą :$bromanzo /$cViktor Nekrasov. 260 $aMilano :$bFeltrinelli,$c1955. 300 $a308 p. ;$c21 cm. 500 $aFondo Ciprandi. 850 $aSeMil 852 $aSeMil$W1$xVenegono$y1$m1U II 22$j107699$B107699$CSeMilBibl$Z2$F117292 $81 941 1 $a1 961 $aOmaggio: Ciprandi dott. Paolo 996 $6245$aNella sua cittą :$bromanzo$9(OLS)http://semarc/title/228371 996 $6260$aMilano :$bFeltrinelli$9(OLS)http://semarc/publisher/30237 LEADER 01012nam a2200277 i 4500 001 000000139420 003 CaOOAMICUS 005 20050523000000.0 008 050523s1995 it u000 u ita u 013 $a113453 020 $a88-8078-094-8 040 $aSeMil$bita 100 1 $aCasati, Angelo,$d<1931- >.$0(OLS)http://semarc/name/42937 245 10$aSulla soglia. 260 $aMilano :$bCENS,$c1995. 300 $a143 p. ;$c19 cm. 490 0 $aSpirito e vita : collana di testi spirituali ;$v5 500 $aFondo Card. C.M. Martini. 830 0$aSpirito e vita : collana di testi spirituali ;$v5.$0(OLS)http://semarc/title/12035 850 $aSeMil 852 $aSeMil$W1$xVenegono$y1$m1B II 83$j92829$B92829$CSeMilBibl$Z2$F98074 $81 941 1 $a4 961 $aOmaggio: Martini Card. Carlo Maria 996 $6020$a88-8078-094-8$9(OLS)http://semarc/number/82080 996 $6245$aSulla soglia$9(OLS)http://semarc/title/149088 996 $6260$aMilano :$bCENS$9(OLS)http://semarc/publisher/32107